Gimmick rappeur français - Statistiques

Statistiques générales
  • Ce quiz a été pris 2 170 fois
  • Le résultat moyen est 15 sur 20
Statistiques - réponses
Gimmick Rappeur % Correct
V.A.L.D Vald
98%
Méchant méchant ! Niska
97%
92i Booba
95%
Dems Damso
95%
QLF PNL
95%
Mathafaack SCH
94%
Ekip Freeze Corleone
90%
Okayyy Naps
90%
Sauvagerie Kalash Criminel
88%
Tiens, tiens, retiens Ninho
88%
Sauce God Hamza
86%
Ocho SDM
84%
P*te Kaaris
83%
Double Bang Leto
71%
Le Coco Jojo Guy2bezbar
69%
Ich ich Sofiane
68%
Mamé Alonzo
33%
Sheboni Bosh
31%
Vatos Timal
29%
Pas trop terrien, plutôt inhumain Boléman
6%
Aucun quiz correspondant
Distribution des résultats
% des personnes avec chaque résultat
Percentile par nombre de réponses
Votre historique - résultats
Vous n’avez pas pris ce quiz